Analisis de alternativas de importacion de granos

Gorde:
Xehetasun bibliografikoak
Egile nagusia: Byfield Woolery, Sharon Odette
Formatua: Tesis Liburua
Hizkuntza:Undetermined
Argitaratua: 1986
Gaiak:
Etiketak: Etiketa erantsi
Etiketarik gabe, Izan zaitez lehena erregistro honi etiketa jartzen!

MARC

LEADER 00000nam a2200000Ia 4500
001 4416
008 140114s9999 xx 000 0 und d
100 |a Byfield Woolery, Sharon Odette. 
245 |a Analisis de alternativas de importacion de granos 
260 |c 1986 
500 |a NULL 
502 |a Escuela de ingenieria Civil 
650 |z IMPORTACION DE GRANOS 
999 |c 11779  |d 11779